Statystyki dla Ile lat mają zawodnicy reprezentacji Polski

Kliknij tutaj aby rozwiązać quiz!

Ogólne statystyki

  • Ten quiz został rozwiązany 311 razy
  • Średni wynik to 15 z 15

Statystyki odpowiedzi

HintOdpowiedź% Poprawnych
Grzegorz Krychowiak32
100%
Wojciech Szczęsny32
100%
Kamil Glik34
100%
Kamil Grosicki34
100%
Sebastian Szymański23
99%
Matty Cash24
99%
Szymon Żurkowski24
99%
Kamil Jóźwiak24
99%
Jan Bednarek26
99%
Piotr Zieliński28
99%
Arkadiusz Milik28
99%
Nicola Zalewski20
98%
Karol Linetty27
98%
Łukasz Skorupski31
98%
Robert Lewandowski33
97%

Rozkład punktacji

Percentyl według liczby udzielonych odpowiedzi

Procent ludzi z każdym wynikiem

Twoja historia wyników

Nie rozwiązałeś tego quizu